[Event "Stay Safe Play From Home 207"]
[Site "T#646637Emanuel Laske"]
[Date "2020.06.07"]
[Round "2"]
[White "Justwatch"]
[Black "Edmatuag"]
[Result "0-1"]
[WhiteElo "1551"]
[BlackElo "1711"]
[Annotator "NA RC"]
[PlyCount "57"]
[EventDate "2020.06.07"]
[EventType "swiss (blitz)"]

1. e4 {[%emt 0:00:02]} c5 {[%emt 0:00:02]} 2. Nf3 {[%emt 0:00:01]} d6 {[%emt 0:00:01]} 3. Nc3 {[%emt 0:00:00]} Nc6 {[%emt 0:00:02]} 4. Bb5 {[%emt 0:00:00]} e6 {[%emt 0:00:07]} 5. Bxc6+ {[%emt 0:00:12]} bxc6 {[%emt 0:00:02]} 6. O-O {[%emt 0:00:00]} g6 {[%emt 0:00:10]} 7. h3 {[%emt 0:00:00]} Bg7 {[%emt 0:00:01]} 8. d3 {[%emt 0:00:00]} Ne7 {[%emt 0:00:02]} 9. Bd2 {[%emt 0:00:01]} O-O {[%emt 0:00:01]} 10. Qc1 {[%emt 0:00:01]} Ba6 {[%emt 0:00:04]} 11. Ne2 {[%emt 0:00:01]} Re8 {[%emt 0:00:02]} 12. Ng3 {[%emt 0:00:01]} d5 {[%emt 0:00:03]} 13. exd5 {[%emt 0:00:01]} cxd5 {[%emt 0:00:02]} 14. Bh6 {[%emt 0:00:00]} Bh8 {[%emt 0:00:03]} 15. Bg5 {[%emt 0:00:01]} Qc7 {[%emt 0:00:03]} 16. Bf4 {[%emt 0:00:04]} Qb6 {[%emt 0:00:12]} 17. Be5 {[%emt 0:00:09]} f6 {[%emt 0:00:09]} 18. Bf4 {[%emt 0:00:08]} Nc6 {[%emt 0:00:03]} 19. Bh6 {[%emt 0:00:04]} Rab8 {[%emt 0:00:12]} 20. b3 {[%emt 0:00:02]} f5 {[%emt 0:00:08]} 21. Qg5 {[%emt 0:00:05]} Bxa1 {[%emt 0:00:10]} 22. Rxa1 {[%emt 0:00:02]} Qd8 {[%emt 0:00:01]} 23. Qf4 {[%emt 0:00:03]} Qf6 {[%emt 0:00:13]} 24. Bg5 {[%emt 0:00:02]} Qxa1+ {[%emt 0:00:03]} 25. Kh2 {[%emt 0:00:02]} Qg7 {[%emt 0:00:14]} 26. Bh6 {[%emt 0:00:02]} e5 {[%emt 0:00:05]} 27. Qg5 {[%emt 0:00:01]} Qe7 {[%emt 0:00:04]} 28. Qd2 {[%emt 0:00:02]} f4 {[%emt 0:00:02]} 29. Nf1 {[%emt 0:00:03] Justwatch terk eder (Lag: Av=0.42s, max=0.6s)} 0-1

[Event "Stay Safe Play From Home 207"]
[Site "T#646637Emanuel Laske"]
[Date "2020.06.07"]
[Round "3"]
[White "Don59as"]
[Black "Lazieri3"]
[Result "1/2-1/2"]
[WhiteElo "1996"]
[BlackElo "2101"]
[Annotator "NA RC"]
[PlyCount "43"]
[EventDate "2020.06.07"]
[EventType "swiss (blitz)"]

1. c4 {[%emt 0:00:01] Lazieri3 offers a draw} c5 {[%emt 0:00:08]} 2. Nc3 {[%emt 0:00:02]} Nc6 {[%emt 0:00:02]} 3. g3 {[%emt 0:00:03]} d6 {[%emt 0:00:02]} 4. Bg2 {[%emt 0:00:01]} Be6 {[%emt 0:00:01]} 5. b3 {[%emt 0:00:22]} Nf6 {[%emt 0:00:02]} 6. Bb2 {[%emt 0:00:01]} Qc8 {[%emt 0:00:01]} 7. h3 {[%emt 0:00:01]} g6 {[%emt 0:00:01]} 8. e3 {[%emt 0:00:01]} Bg7 {[%emt 0:00:01]} 9. Nge2 {[%emt 0:00:01]} O-O {[%emt 0:00:01]} 10. d4 {[%emt 0:00:01]} cxd4 {[%emt 0:00:01]} 11. Nxd4 {[%emt 0:00:01]} Bd7 {[%emt 0:00:03]} 12. g4 {[%emt 0:00:03]} Re8 {[%emt 0:00:06]} 13. O-O {[%emt 0:00:08]} a6 {[%emt 0:00:02]} 14. Rc1 {[%emt 0:00:02] Lazieri3 offers a draw} h5 {[%emt 0:00:22]} 15. f3 {[%emt 0:00:12]} hxg4 {[%emt 0:00:02]} 16. hxg4 {[%emt 0:00:01]} Nxd4 {[%emt 0:00:13]} 17. exd4 {[%emt 0:00:04]} e5 {[%emt 0:00:01]} 18. Nd5 {[%emt 0:00:07]} Nxd5 {[%emt 0:00:05]} 19. cxd5 {[%emt 0:00:01]} Qd8 {[%emt 0:00:03]} 20. dxe5 {[%emt 0:00:02]} Bxe5 {[%emt 0:00:04]} 21. Bxe5 {[%emt 0:00:10]} Rxe5 {[%emt 0:00:00]} 22. Qd4 {[%emt 0:00:08] Don59as offers a draw (Lag: Av=0.62s, max=1.2s)} 1/2-1/2

[Event "Stay Safe Play From Home 207"]
[Site "T#646637Emanuel Laske"]
[Date "2020.06.07"]
[Round "3"]
[White "Sfantul321"]
[Black "Möwe"]
[Result "1-0"]
[WhiteElo "1977"]
[BlackElo "1644"]
[Annotator "NA RC"]
[PlyCount "101"]
[EventDate "2020.06.07"]
[EventType "swiss (blitz)"]

1. c4 {[%emt 0:00:02]} d5 {[%emt 0:00:00]} 2. cxd5 {[%emt 0:00:01]} Qxd5 {[%emt 0:00:01]} 3. Nc3 {[%emt 0:00:00]} Qa5 {[%emt 0:00:01]} 4. g3 {[%emt 0:00:01]} c6 {[%emt 0:00:01]} 5. Bg2 {[%emt 0:00:00]} e5 {[%emt 0:00:01]} 6. Nf3 {[%emt 0:00:01]} Bb4 {[%emt 0:00:01]} 7. Qc2 {[%emt 0:00:02]} Nf6 {[%emt 0:00:01]} 8. O-O {[%emt 0:00:04]} O-O {[%emt 0:00:01]} 9. d3 {[%emt 0:00:02]} Nbd7 {[%emt 0:00:02]} 10. a3 {[%emt 0:00:03]} Bxc3 {[%emt 0:00:02]} 11. bxc3 {[%emt 0:00:01]} Nd5 {[%emt 0:00:02]} 12. Bd2 {[%emt 0:00:02]} Qc7 {[%emt 0:00:04]} 13. c4 {[%emt 0:00:02]} N5f6 {[%emt 0:00:03]} 14. Bc3 {[%emt 0:00:02]} Re8 {[%emt 0:00:03]} 15. Ng5 {[%emt 0:00:06]} h6 {[%emt 0:00:04]} 16. Ne4 {[%emt 0:00:01]} Nxe4 {[%emt 0:00:01]} 17. Bxe4 {[%emt 0:00:01]} Nf6 {[%emt 0:00:00]} 18. Bg2 {[%emt 0:00:01]} Bf5 {[%emt 0:00:03]} 19. e4 {[%emt 0:00:01]} Bg6 {[%emt 0:00:02]} 20. h3 {[%emt 0:00:02]} Rad8 {[%emt 0:00:02]} 21. Rad1 {[%emt 0:00:03]} c5 {[%emt 0:00:02]} 22. f4 {[%emt 0:00:03]} exf4 {[%emt 0:00:02]} 23. gxf4 {[%emt 0:00:01]} Nh5 {[%emt 0:00:04]} 24. Qf2 {[%emt 0:00:06]} b6 {[%emt 0:00:04]} 25. Qh4 {[%emt 0:00:07]} Nf6 {[%emt 0:00:05]} 26. Bxf6 {[%emt 0:00:03]} gxf6 {[%emt 0:00:01]} 27. Qxf6 {[%emt 0:00:01]} Re6 {[%emt 0:00:09]} 28. Qh4 {[%emt 0:00:03]} Bh7 {[%emt 0:00:06]} 29. f5 {[%emt 0:00:07]} Red6 {[%emt 0:00:01]} 30. f6 {[%emt 0:00:01]} Rxd3 {[%emt 0:00:06]} 31. Rxd3 {[%emt 0:00:02]} Rxd3 {[%emt 0:00:01]} 32. Qxh6 {[%emt 0:00:01]} Qg3 {[%emt 0:00:08]} 33. e5 {[%emt 0:00:18]} Be4 {[%emt 0:00:04]} 34. Qg7+ {[%emt 0:00:14]} Qxg7 {[%emt 0:00:02]} 35. fxg7 {[%emt 0:00:01]} Rg3 {[%emt 0:00:04]} 36. Rf2 {[%emt 0:00:03]} Rxg7 {[%emt 0:00:02]} 37. Kh2 {[%emt 0:00:06]} Bxg2 {[%emt 0:00:02]} 38. Rxg2 {[%emt 0:00:01]} Rxg2+ {[%emt 0:00:00]} 39. Kxg2 {[%emt 0:00:00]} Kg7 {[%emt 0:00:00]} 40. Kf3 {[%emt 0:00:01]} Kg6 {[%emt 0:00:00]} 41. Kg4 {[%emt 0:00:02]} a6 {[%emt 0:00:02]} 42. a4 {[%emt 0:00:03]} f5+ {[%emt 0:00:03]} 43. exf6 {[%emt 0:00:02]} Kxf6 {[%emt 0:00:01]} 44. h4 {[%emt 0:00:01]} b5 {[%emt 0:00:02]} 45. axb5 {[%emt 0:00:06]} axb5 {[%emt 0:00:01]} 46. cxb5 {[%emt 0:00:01]} Ke5 {[%emt 0:00:06]} 47. h5 {[%emt 0:00:01]} c4 {[%emt 0:00:01]} 48. h6 {[%emt 0:00:01]} c3 {[%emt 0:00:01]} 49. h7 {[%emt 0:00:01]} c2 {[%emt 0:00:03]} 50. h8=Q+ {[%emt 0:00:01]} Ke4 {[%emt 0:00:01]} 51. Qc3 {[%emt 0:00:02] Möwe gibt auf (Lag: Av=0.36s, max=0.8s)} 1-0

[Event "Stay Safe Play From Home 207"]
[Site "T#646637Emanuel Laske"]
[Date "2020.06.07"]
[Round "3"]
[White "Haris kollari 13"]
[Black "little champs"]
[Result "0-1"]
[WhiteElo "1954"]
[BlackElo "2069"]
[Annotator "NA RC"]
[PlyCount "128"]
[EventDate "2020.06.07"]
[EventType "swiss (blitz)"]

1. e4 {[%emt 0:00:01]} c5 {[%emt 0:00:03]} 2. Nf3 {[%emt 0:00:01]} d6 {[%emt 0:00:01]} 3. d4 {[%emt 0:00:01]} cxd4 {[%emt 0:00:01]} 4. Nxd4 {[%emt 0:00:00]} Nc6 {[%emt 0:00:00]} 5. Nc3 {[%emt 0:00:01]} Nxd4 {[%emt 0:00:02]} 6. Qxd4 {[%emt 0:00:02]} e5 {[%emt 0:00:00]} 7. Qd3 {[%emt 0:00:05]} a6 {[%emt 0:00:01]} 8. Be3 {[%emt 0:00:01]} Nf6 {[%emt 0:00:01]} 9. f3 {[%emt 0:00:02]} Be6 {[%emt 0:00:01]} 10. O-O-O {[%emt 0:00:01]} Rc8 {[%emt 0:00:00]} 11. Kb1 {[%emt 0:00:02]} Qa5 {[%emt 0:00:01]} 12. a3 {[%emt 0:00:03]} b5 {[%emt 0:00:01]} 13. Nd5 {[%emt 0:00:07]} Bxd5 {[%emt 0:00:06]} 14. exd5 {[%emt 0:00:01]} b4 {[%emt 0:00:00]} 15. Bd2 {[%emt 0:00:01]} Qxd5 {[%emt 0:00:07]} 16. Bxb4 {[%emt 0:00:02]} Qxd3 {[%emt 0:00:01]} 17. Rxd3 {[%emt 0:00:01]} d5 {[%emt 0:00:01]} 18. Bxf8 {[%emt 0:00:03]} Kxf8 {[%emt 0:00:01]} 19. g4 {[%emt 0:00:01]} h6 {[%emt 0:00:02]} 20. h4 {[%emt 0:00:01]} Ke7 {[%emt 0:00:01]} 21. Bg2 {[%emt 0:00:01]} Rc5 {[%emt 0:00:11]} 22. Rb3 {[%emt 0:00:02]} Kd6 {[%emt 0:00:21]} 23. Rb6+ {[%emt 0:00:06]} Rc6 {[%emt 0:00:01]} 24. Rb7 {[%emt 0:00:02]} Rhc8 {[%emt 0:00:17]} 25. c3 {[%emt 0:00:04]} R8c7 {[%emt 0:00:01]} 26. Rxc7 {[%emt 0:00:05]} Rxc7 {[%emt 0:00:01]} 27. Rd1 {[%emt 0:00:02]} Rc4 {[%emt 0:00:03]} 28. Ka2 {[%emt 0:00:03]} a5 {[%emt 0:00:01]} 29. Bf1 {[%emt 0:00:04]} Rf4 {[%emt 0:00:02]} 30. Be2 {[%emt 0:00:01]} e4 {[%emt 0:00:01]} 31. fxe4 {[%emt 0:00:01]} Nxe4 {[%emt 0:00:01]} 32. c4 {[%emt 0:00:07]} Nf6 {[%emt 0:00:06]} 33. cxd5 {[%emt 0:00:02]} Nxd5 {[%emt 0:00:03]} 34. Rd3 {[%emt 0:00:10]} Ke5 {[%emt 0:00:02]} 35. Bf3 {[%emt 0:00:02]} Nf6 {[%emt 0:00:06]} 36. g5 {[%emt 0:00:04]} hxg5 {[%emt 0:00:01]} 37. hxg5 {[%emt 0:00:01]} Ne4 {[%emt 0:00:10]} 38. Rb3 {[%emt 0:00:14]} Nxg5 {[%emt 0:00:07]} 39. Rb5+ {[%emt 0:00:02]} Kf6 {[%emt 0:00:00]} 40. Bd1 {[%emt 0:00:02]} Rf5 {[%emt 0:00:01]} 41. Rb6+ {[%emt 0:00:06]} Ke7 {[%emt 0:00:02]} 42. a4 {[%emt 0:00:01]} Ne6 {[%emt 0:00:01]} 43. Rb5 {[%emt 0:00:01]} Rxb5 {[%emt 0:00:06]} 44. axb5 {[%emt 0:00:02]} Kd6 {[%emt 0:00:00]} 45. Ka3 {[%emt 0:00:01]} Kc5 {[%emt 0:00:01]} 46. Ka4 {[%emt 0:00:01]} Kb6 {[%emt 0:00:00]} 47. Bb3 {[%emt 0:00:03]} g5 {[%emt 0:00:01]} 48. Bd5 {[%emt 0:00:01]} g4 {[%emt 0:00:02]} 49. b4 {[%emt 0:00:07]} axb4 {[%emt 0:00:01]} 50. Kxb4 {[%emt 0:00:01]} g3 {[%emt 0:00:00]} 51. Kc4 {[%emt 0:00:02]} Nf4 {[%emt 0:00:01]} 52. Bf3 {[%emt 0:00:07]} g2 {[%emt 0:00:03]} 53. Bxg2 {[%emt 0:00:01]} Nxg2 {[%emt 0:00:01]} 54. Kd5 {[%emt 0:00:00]} f5 {[%emt 0:00:03]} 55. Ke5 {[%emt 0:00:01]} Nh4 {[%emt 0:00:08]} 56. Kf4 {[%emt 0:00:01]} Kxb5 {[%emt 0:00:08]} 57. Kg5 {[%emt 0:00:01]} Kc4 {[%emt 0:00:07]} 58. Kxh4 {[%emt 0:00:01]} Kd3 {[%emt 0:00:01]} 59. Kg3 {[%emt 0:00:03]} Ke3 {[%emt 0:00:02]} 60. Kg2 {[%emt 0:00:01]} f4 {[%emt 0:00:19]} 61. Kf1 {[%emt 0:00:02]} Kf3 {[%emt 0:00:05]} 62. Kg1 {[%emt 0:00:01]} Ke2 {[%emt 0:00:00]} 63. Kg2 {[%emt 0:00:01]} f3+ {[%emt 0:00:01]} 64. Kg3 {[%emt 0:00:01]} f2 {[%emt 0:00:00] Haris kollari 13 resigns (Lag: Av=0.64s, max=1.0s)} 0-1

[Event "Stay Safe Play From Home 207"]
[Site "T#646637Emanuel Laske"]
[Date "2020.06.07"]
[Round "3"]
[White "Archi-ak"]
[Black "Justwatch"]
[Result "0-1"]
[WhiteElo "1786"]
[BlackElo "1541"]
[Annotator "NA RC"]
[PlyCount "88"]
[EventDate "2020.06.07"]
[EventType "swiss (blitz)"]

1. e4 {[%emt 0:00:02]} Nf6 {[%emt 0:00:01]} 2. e5 {[%emt 0:00:01]} Nd5 {[%emt 0:00:00]} 3. c4 {[%emt 0:00:03]} Nb4 {[%emt 0:00:01]} 4. d4 {[%emt 0:00:03]} N4c6 {[%emt 0:00:00]} 5. f4 {[%emt 0:00:04]} d6 {[%emt 0:00:01]} 6. Nf3 {[%emt 0:00:01]} dxe5 {[%emt 0:00:01]} 7. fxe5 {[%emt 0:00:00]} Bg4 {[%emt 0:00:01]} 8. Be3 {[%emt 0:00:02]} e6 {[%emt 0:00:01]} 9. Nc3 {[%emt 0:00:01]} Bb4 {[%emt 0:00:01]} 10. Be2 {[%emt 0:00:02]} O-O {[%emt 0:00:01]} 11. O-O {[%emt 0:00:02]} Nd7 {[%emt 0:00:01]} 12. a3 {[%emt 0:00:06]} Bxc3 {[%emt 0:00:00]} 13. bxc3 {[%emt 0:00:00]} Nb6 {[%emt 0:00:00]} 14. Qd3 {[%emt 0:00:04]} Bxf3 {[%emt 0:00:01]} 15. Bxf3 {[%emt 0:00:01]} Nxe5 {[%emt 0:00:02]} 16. Qe4 {[%emt 0:00:09]} Nxf3+ {[%emt 0:00:01]} 17. Qxf3 {[%emt 0:00:03]} Nxc4 {[%emt 0:00:02]} 18. Bf4 {[%emt 0:00:01]} c6 {[%emt 0:00:02]} 19. Qg3 {[%emt 0:00:02]} g6 {[%emt 0:00:03]} 20. Bh6 {[%emt 0:00:01]} Qd5 {[%emt 0:00:05]} 21. Bxf8 {[%emt 0:00:03]} Rxf8 {[%emt 0:00:00]} 22. Rf3 {[%emt 0:00:03]} Nd2 {[%emt 0:00:09]} 23. Rd3 {[%emt 0:00:05]} Nc4 {[%emt 0:00:03]} 24. Rf1 {[%emt 0:00:02]} c5 {[%emt 0:00:01]} 25. dxc5 {[%emt 0:00:02]} Qxc5+ {[%emt 0:00:01]} 26. Kh1 {[%emt 0:00:01]} b5 {[%emt 0:00:02]} 27. Rd7 {[%emt 0:00:06]} Ne5 {[%emt 0:00:18]} 28. Rb7 {[%emt 0:00:10]} Qc4 {[%emt 0:00:05]} 29. Qf2 {[%emt 0:00:18]} a5 {[%emt 0:00:05]} 30. h3 {[%emt 0:00:08]} Qxc3 {[%emt 0:00:07]} 31. Rxb5 {[%emt 0:00:01]} Nd3 {[%emt 0:00:04]} 32. Qf3 {[%emt 0:00:07]} Qc4 {[%emt 0:00:02]} 33. Rxa5 {[%emt 0:00:03]} e5 {[%emt 0:00:10]} 34. Ra7 {[%emt 0:00:01]} Nf4 {[%emt 0:00:04]} 35. a4 {[%emt 0:00:08]} Rd8 {[%emt 0:00:08]} 36. Re1 {[%emt 0:00:11]} Rd3 {[%emt 0:00:03]} 37. Qa8+ {[%emt 0:00:03]} Kg7 {[%emt 0:00:01]} 38. Rxe5 {[%emt 0:00:08]} Rd1+ {[%emt 0:00:06]} 39. Kh2 {[%emt 0:00:01]} Nxg2 {[%emt 0:00:05]} 40. Kxg2 {[%emt 0:00:34]} Qf1+ {[%emt 0:00:04]} 41. Kg3 {[%emt 0:00:02]} Rd3+ {[%emt 0:00:05]} 42. Kg4 {[%emt 0:00:07]} Qxh3+ {[%emt 0:00:02]} 43. Kf4 {[%emt 0:00:01]} Qg3+ {[%emt 0:00:08]} 44. Ke4 {[%emt 0:00:03]} Qf3# {[%emt 0:00:02] (Lag: Av=0.67s, max=1.4s)} 0-1

[Event "Stay Safe Play From Home 207"]
[Site "T#646637Emanuel Laske"]
[Date "2020.06.07"]
[Round "3"]
[White "Edmatuag"]
[Black "Bellbox"]
[Result "0-1"]
[WhiteElo "1720"]
[BlackElo "1988"]
[Annotator "TA"]
[PlyCount "80"]
[EventDate "2020.06.07"]
[EventType "swiss (blitz)"]

{[%evp 12,80,112,87,81,60,75,68,69,42,107,85,83,84,202,206,200,191,195,127,133,138,133,19,31,25,35,23,37,37,212,208,210,211,239,236,222,160,172,175,203,202,305,166,159,175,157,0,0,0,0,0,134,-510,-461,-460,-456,-455,-455,-439,-452,-447,-438,-434,-418,-395,-359,-336,-288,-356,-331]} 1. e4 e5 2. Nf3 f5 3. Nxe5 Qf6 4. d4 d6 5. Nc4 fxe4 6. Nc3 Qg6 7. Bf4 Nf6 {C40: Latvian and Elephant Gambits.} 8. Qd2 Be7 {[#]} 9. Be2 $146 ({Predecessor:} 9. O-O-O O-O 10. h3 a6 11. d5 Nbd7 12. Kb1 b5 13. Na5 Nb6 14. a3 Nfd7 15. g3 {0-1 (35) Apicella,M (2435)-Sokolov,I (2630) Debrecen 1992}) 9... O-O {White is slightly better.} 10. Bg3 Rd8 (10... d5 $14) 11. Ne3 c6 12. d5 Na6 (12... Nbd7 $16) 13. Bxa6 $1 $18 {[%mdl 64] [#] Overworked Piece} bxa6 14. dxc6 Be6 15. Ncd5 (15. Ne2 $18) 15... Nxd5 $16 16. Nxd5 Bg5 17. Ne3 (17. Qd4 $16) 17... Rac8 $11 18. O-O Rxc6 19. c3 d5 20. Qd4 Rb6 $2 ({Black should play} 20... Be7 $14) 21. Bc7 $1 $18 {[%csl LRb6,LRd8][%mdl 64] Double Attack} Bf6 22. Qd2 ({Inferior is} 22. Bxb6 Bxd4 23. Bxd8 Bc5 $14) 22... Rd7 23. Bxb6 axb6 24. Nc2 Bh3 {[%csl Gh3][%cal Rg6g2]} 25. f3 Bf5 {[#] White should prevent ...exf3.} 26. Nd4 $1 Bg5 (26... Bxd4+ {is a better defense.} 27. cxd4 (27. Qxd4 h6 $18) 27... Re7) 27. f4 (27. Qe2 $142) 27... Bf6 28. Nxf5 Qxf5 29. Qe3 $2 (29. Qe2 $16) 29... d4 $11 30. Qh3 Qxh3 31. gxh3 {[%mdl 4096] Endgame KRR-KRB} d3 (31... Bh4 $11 32. cxd4 e3) 32. Rad1 $2 {[%mdl 8192]} (32. Kf2 $16 {is forced if you want to stay better.}) 32... e3 33. Rfe1 e2 34. Rd2 Bh4 35. Rexe2 dxe2 36. Rxe2 $19 {KRB-KR} Kf7 37. Kg2 Re7 38. Rd2 Re6 39. Kf3 h5 40. f5 Rc6 {Accuracy: White = 55%, Black = 55%.} 0-1

[Event "Stay Safe Play From Home 207"]
[Site "T#646637Emanuel Laske"]
[Date "2020.06.07"]
[Round "3"]
[White "Timbre"]
[Black "Robk"]
[Result "1-0"]
[WhiteElo "1600"]
[BlackElo "1586"]
[Annotator "NA RC"]
[PlyCount "55"]
[EventDate "2020.06.07"]
[EventType "swiss (blitz)"]

1. d4 {[%emt 0:00:09]} d5 {[%emt 0:00:04]} 2. Nf3 {[%emt 0:00:01]} Nf6 {[%emt 0:00:03]} 3. c3 {[%emt 0:00:01]} c6 {[%emt 0:00:05]} 4. Bf4 {[%emt 0:00:02]} e6 {[%emt 0:00:02]} 5. e3 {[%emt 0:00:01]} Nbd7 {[%emt 0:00:02]} 6. Bd3 {[%emt 0:00:05]} Be7 {[%emt 0:00:01]} 7. Qe2 {[%emt 0:00:01]} h6 {[%emt 0:00:02]} 8. Nbd2 {[%emt 0:00:01]} O-O {[%emt 0:00:04]} 9. e4 {[%emt 0:00:02]} dxe4 {[%emt 0:00:05]} 10. Nxe4 {[%emt 0:00:02]} Nxe4 {[%emt 0:00:03]} 11. Qxe4 {[%emt 0:00:02]} Nf6 {[%emt 0:00:02]} 12. Qe2 {[%emt 0:00:01]} Bd6 {[%emt 0:00:14]} 13. Bg3 {[%emt 0:00:03]} Re8 {[%emt 0:00:06]} 14. O-O {[%emt 0:00:03]} Bxg3 {[%emt 0:00:04]} 15. hxg3 {[%emt 0:00:02]} Qc7 {[%emt 0:00:26]} 16. Rfe1 {[%emt 0:00:02]} c5 {[%emt 0:00:08]} 17. dxc5 {[%emt 0:00:02]} Qxc5 {[%emt 0:00:03]} 18. Rad1 {[%emt 0:00:03]} Bd7 {[%emt 0:00:05]} 19. Bb1 {[%emt 0:00:04]} Bc6 {[%emt 0:00:09]} 20. Nd4 {[%emt 0:00:03]} Qh5 {[%emt 0:00:10]} 21. Qxh5 {[%emt 0:00:06]} Nxh5 {[%emt 0:00:02]} 22. Nxc6 {[%emt 0:00:02]} bxc6 {[%emt 0:00:02]} 23. a3 {[%emt 0:00:02]} Rad8 {[%emt 0:00:03]} 24. Rxd8 {[%emt 0:00:03]} Rxd8 {[%emt 0:00:02]} 25. Be4 {[%emt 0:00:02]} c5 {[%emt 0:00:03]} 26. Bf3 {[%emt 0:00:02]} Nf6 {[%emt 0:00:02]} 27. Re5 {[%emt 0:00:02]} Rd1+ {[%emt 0:00:12]} 28. Bxd1 {[%emt 0:00:03] Robk resigns (Lag: Av=0.36s, max=1.1s)} 1-0

[Event "Stay Safe Play From Home 207"]
[Site "T#646637Emanuel Laske"]
[Date "2020.06.07"]
[Round "4"]
[White "Lazieri3"]
[Black "Sfantul321"]
[Result "1-0"]
[WhiteElo "2096"]
[BlackElo "1981"]
[Annotator "NA RC"]
[PlyCount "37"]
[EventDate "2020.06.07"]
[EventType "swiss (blitz)"]

1. e4 {[%emt 0:00:03]} g6 {[%emt 0:00:01]} 2. Nc3 {[%emt 0:00:01]} Bg7 {[%emt 0:00:01]} 3. Nf3 {[%emt 0:00:01]} c5 {[%emt 0:00:01]} 4. d4 {[%emt 0:00:01]} cxd4 {[%emt 0:00:01]} 5. Nxd4 {[%emt 0:00:01]} Nc6 {[%emt 0:00:01]} 6. Be3 {[%emt 0:00:01]} d6 {[%emt 0:00:02]} 7. Qd2 {[%emt 0:00:01]} a6 {[%emt 0:00:02]} 8. Be2 {[%emt 0:00:02]} Nf6 {[%emt 0:00:02]} 9. Nxc6 {[%emt 0:00:01]} bxc6 {[%emt 0:00:01]} 10. Bh6 {[%emt 0:00:00]} O-O {[%emt 0:00:01]} 11. h4 {[%emt 0:00:01]} Ng4 {[%emt 0:00:12]} 12. Bxg7 {[%emt 0:00:04]} Kxg7 {[%emt 0:00:01]} 13. h5 {[%emt 0:00:00]} Rh8 {[%emt 0:00:17]} 14. h6+ {[%emt 0:00:02]} Kg8 {[%emt 0:00:04]} 15. O-O-O {[%emt 0:00:04]} Rb8 {[%emt 0:00:03]} 16. Qd4 {[%emt 0:00:08]} e5 {[%emt 0:00:06]} 17. Qxd6 {[%emt 0:00:01]} Qxd6 {[%emt 0:00:01]} 18. Rxd6 {[%emt 0:00:00]} Nxf2 {[%emt 0:00:01]} 19. Rd8# {[%emt 0:00:03] (Lag: Av=0.36s, max=0.8s)} 1-0

[Event "Stay Safe Play From Home 207"]
[Site "T#646637Emanuel Laske"]
[Date "2020.06.07"]
[Round "4"]
[White "Don59as"]
[Black "Timbre"]
[Result "1-0"]
[WhiteElo "2001"]
[BlackElo "1617"]
[Annotator "NA RC"]
[PlyCount "107"]
[EventDate "2020.06.07"]
[EventType "swiss (blitz)"]

1. c4 {[%emt 0:00:03]} c6 {[%emt 0:00:11]} 2. b3 {[%emt 0:00:06]} d5 {[%emt 0:00:01]} 3. Bb2 {[%emt 0:00:01]} Nf6 {[%emt 0:00:01]} 4. e3 {[%emt 0:00:01]} Bf5 {[%emt 0:00:01]} 5. Nf3 {[%emt 0:00:06]} e6 {[%emt 0:00:01]} 6. Be2 {[%emt 0:00:01]} Nbd7 {[%emt 0:00:01]} 7. O-O {[%emt 0:00:01]} Be7 {[%emt 0:00:01]} 8. d4 {[%emt 0:00:01]} O-O {[%emt 0:00:02]} 9. Nc3 {[%emt 0:00:01]} Ne4 {[%emt 0:00:01]} 10. Ne5 {[%emt 0:00:04]} Nxe5 {[%emt 0:00:03]} 11. dxe5 {[%emt 0:00:02]} Qc7 {[%emt 0:00:06]} 12. Nxe4 {[%emt 0:00:06]} Bxe4 {[%emt 0:00:02]} 13. cxd5 {[%emt 0:00:04]} exd5 {[%emt 0:00:02]} 14. Rc1 {[%emt 0:00:05]} Qd7 {[%emt 0:00:03]} 15. Qd4 {[%emt 0:00:10]} Qe6 {[%emt 0:00:03]} 16. f4 {[%emt 0:00:08]} f6 {[%emt 0:00:04]} 17. Qd2 {[%emt 0:00:17]} fxe5 {[%emt 0:00:02]} 18. Bxe5 {[%emt 0:00:02]} Bf6 {[%emt 0:00:03]} 19. Bd4 {[%emt 0:00:08]} Bxd4 {[%emt 0:00:02]} 20. Qxd4 {[%emt 0:00:00]} Qg6 {[%emt 0:00:06]} 21. g3 {[%emt 0:00:08]} a6 {[%emt 0:00:07]} 22. Bf3 {[%emt 0:00:04]} Bxf3 {[%emt 0:00:03]} 23. Rxf3 {[%emt 0:00:00]} Rfe8 {[%emt 0:00:03]} 24. f5 {[%emt 0:00:05]} Qg5 {[%emt 0:00:10]} 25. h4 {[%emt 0:00:07]} Qh5 {[%emt 0:00:07]} 26. Kf2 {[%emt 0:00:02]} Re4 {[%emt 0:00:02]} 27. Qc3 {[%emt 0:00:04]} Rae8 {[%emt 0:00:03]} 28. f6 {[%emt 0:00:01]} gxf6 {[%emt 0:00:03]} 29. Qxf6 {[%emt 0:00:07]} Qg6 {[%emt 0:00:04]} 30. Qxg6+ {[%emt 0:00:11]} hxg6 {[%emt 0:00:02]} 31. Rc3 {[%emt 0:00:05]} Kg7 {[%emt 0:00:02]} 32. Rf4 {[%emt 0:00:04]} R4e5 {[%emt 0:00:07]} 33. Kf3 {[%emt 0:00:09]} R8e7 {[%emt 0:00:01]} 34. b4 {[%emt 0:00:05]} Re4 {[%emt 0:00:04]} 35. a3 {[%emt 0:00:01]} Rxf4+ {[%emt 0:00:04]} 36. gxf4 {[%emt 0:00:06]} Re4 {[%emt 0:00:04]} 37. Rd3 {[%emt 0:00:07]} Kf6 {[%emt 0:00:01]} 38. Kg4 {[%emt 0:00:02]} Kg7 {[%emt 0:00:10]} 39. h5 {[%emt 0:00:06]} gxh5+ {[%emt 0:00:02]} 40. Kxh5 {[%emt 0:00:00]} Kf6 {[%emt 0:00:01]} 41. Kg4 {[%emt 0:00:01]} Ke6 {[%emt 0:00:03]} 42. Kf3 {[%emt 0:00:03]} Kf5 {[%emt 0:00:02]} 43. Rd1 {[%emt 0:00:01]} Rc4 {[%emt 0:00:03]} 44. Rd3 {[%emt 0:00:13]} b5 {[%emt 0:00:06] Timbre offers a draw} 45. Rb3 {[%emt 0:00:08]} Re4 {[%emt 0:00:05]} 46. Rc3 {[%emt 0:00:03]} Rc4 {[%emt 0:00:02]} 47. Rxc4 {[%emt 0:00:15]} bxc4 {[%emt 0:00:02]} 48. Ke2 {[%emt 0:00:01]} Ke4 {[%emt 0:00:02]} 49. Kd2 {[%emt 0:00:01]} d4 {[%emt 0:00:03]} 50. exd4 {[%emt 0:00:01]} Kxd4 {[%emt 0:00:01]} 51. f5 {[%emt 0:00:01]} Ke5 {[%emt 0:00:01]} 52. Kc3 {[%emt 0:00:01]} Kxf5 {[%emt 0:00:01]} 53. Kxc4 {[%emt 0:00:01]} Ke5 {[%emt 0:00:02]} 54. Kc5 {[%emt 0:00:00] Timbre resigns (Lag: Av=0.63s, max=1.2s)} 1-0